LEADER 00714nam a2200169 i 4500 001 000000255520 003 CaOOAMICUS 005 20171004000000.0 008 171004s1830 it u000 u ita u 013 $a234428 040 $aSeMil$bita 245 10$a[Asia :$bTomo 1. Parte 2]. 300 $aP. 333-703 p, [4] carte di tav. :$bill. 773 0 $aFerrario, Giulio <1767-1847>$tCostume antico e moderno ovvero storia del governo, della milizia, della religione, delle arti, scienze....$dLivorno : Tipografia Vignozzi, 1830-1837.$g1$w()4617 850 $aSeMil 852 $aSeMil$W1$xVenegono$y1$m3W I 22 FA$j205866$B205866$CSeMilBibl$Z2$F219293 $8I 996 $6245$a[Asia :$bTomo 1. Parte 2]$9(OLS)http://semarc/title/411760 LEADER 00803nam a2200205 i 4500 001 000000229198 003 CaOOAMICUS 005 20140507000000.0 008 140507s1818 it u000 u fre u 013 $a208100 026 $as-es 1.ec 3.6. (1de (7) 1818 (A) 040 $aSeMil$bita 245 10$aTome 3. 300 $a681, [1] p. 773 0 $aAugustinus, Aurelius $tCité de Dieu de Saint Augustin, traduite en francais.$dA Bourges : Chez Gille : De l'Imprmerie J. B. C. Souchois, 1818.$bNouvelle édition, revue et corrigée par deux hommes de lettres.$g3$w()29807 850 $aSeMil 852 $aSeMil$W1$xVenegono$y1$m2T II 17 FA$j179544$B179544$CSeMilBibl$Z2$F190646 $8I 941 1 $a10 961 $aRecupero: Mantegazza 996 $6245$aTome 3$9(OLS)http://semarc/title/1575